La policía (Record no. 16279)
[ view plain ]
| 000 -LEADER | |
|---|---|
| fixed length control field | 00797nam a2200277 4500 |
| 001 - CONTROL NUMBER | |
| control field | sjds160010 |
| 003 - CONTROL NUMBER IDENTIFIER | |
| control field | sjds |
| 005 - DATE AND TIME OF LATEST TRANSACTION | |
| control field | 20161006144334.0 |
| 007 - PHYSICAL DESCRIPTION FIXED FIELD--GENERAL INFORMATION | |
| fixed length control field | |
| 008 - FIXED-LENGTH DATA ELEMENTS--GENERAL INFORMATION | |
| fixed length control field | |
| 020 ## - INTERNATIONAL STANDARD BOOK NUMBER | |
| International Standard Book Number | 9780516516431 (Spanish ; pbk.) |
| 020 ## - INTERNATIONAL STANDARD BOOK NUMBER | |
| International Standard Book Number | 0516516434 (Spanish ; pbk.) |
| 040 ## - CATALOGING SOURCE | |
| Transcribing agency | sjds |
| 041 ## - LANGUAGE CODE | |
| Language code of text/sound track or separate title | spa |
| 082 ## - DEWEY DECIMAL CLASSIFICATION NUMBER | |
| Classification number | 363.2/3 |
| 100 ## - MAIN ENTRY--PERSONAL NAME | |
| Personal name | Ray Broekel. |
| 245 ## - TITLE STATEMENT | |
| Title | La policía |
| Statement of responsibility, etc. | por Ray Broekel ; traductora, Lada Kratky ; consultante, Orlando Martínez-Miller. |
| 260 ## - PUBLICATION, DISTRIBUTION, ETC. (IMPRINT) | |
| Place of publication, distribution, etc. | Chicago : |
| Name of publisher, distributor, etc. | Childrens Press, |
| Date of publication, distribution, etc. | ©1984. |
| 300 ## - PHYSICAL DESCRIPTION | |
| Extent | 45 pages |
| Dimensions | 21 cm |
| 440 ## - SERIES STATEMENT/ADDED ENTRY--TITLE | |
| Title | Así es mi mundo |
| 520 ## - SUMMARY, ETC. | |
| Summary, etc. | An introduction to the activities of our helpful police. |
| 650 ## - SUBJECT ADDED ENTRY--TOPICAL TERM | |
| Topical term or geographic name as entry element | Police |
| Form subdivision | Juvenile literature. |
| 650 ## - SUBJECT ADDED ENTRY--TOPICAL TERM | |
| Topical term or geographic name as entry element | Spanish language materials. |
| 700 ## - ADDED ENTRY--PERSONAL NAME | |
| Personal name | Kratky, Lada |
| Relator term | translator |
| 942 ## - ADDED ENTRY ELEMENTS (KOHA) | |
| Source of classification or shelving scheme | Dewey Decimal Classification |
| Koha item type | Libro/Book |
| Withdrawn status | Lost status | Source of classification or shelving scheme | Damaged status | Not for loan | Home library | Current library | Date acquired | Total Checkouts | Barcode | Date last seen | Price effective from | Koha item type |
|---|---|---|---|---|---|---|---|---|---|---|---|---|
| Dewey Decimal Classification | Sevadilla -- Satellite | Sevadilla -- Satellite | 14/10/2016 | 35400798 | 14/10/2016 | 14/10/2016 | Libro/Book |